LEADER 01816nam 2200565 450 001 9910460670803321 005 20200520144314.0 010 $a1-78241-445-2 035 $a(CKB)3710000000552076 035 $a(EBL)4307830 035 $a(SSID)ssj0001683028 035 $a(PQKBManifestationID)16508228 035 $a(PQKBTitleCode)TC0001683028 035 $a(PQKBWorkID)15037262 035 $a(PQKB)10821247 035 $a(MiAaPQ)EBC4307830 035 $a(Au-PeEL)EBL4307830 035 $a(CaPaEBR)ebr11138105 035 $a(CaONFJC)MIL884324 035 $a(OCoLC)935256370 035 $a(EXLCZ)993710000000552076 100 $a20160126h20162016 uy 0 101 0 $aeng 135 $aur|n|---||||| 181 $ctxt 182 $cc 183 $acr 200 10$aClinical dicta and contradicta $ethe therapy process from inside out and outside in /$fJohn C. Espy 210 1$aLondon, [England] :$cKarnac,$d2016. 210 4$dİ2016 215 $a1 online resource (123 p.) 225 1 $aThe Karnac Library 300 $aDescription based upon print version of record. 311 $a1-78220-371-0 327 $aCOVER; ACKNOWLEDGEMENTS; INTRODUCTION; PART ONE CLINICAL DICTA AND CONTRA DICTA; PART TWO VIGNETTES; PART THREE PROJECTIVE IDENTIFICATION AND SERIAL MURDER: THE MISSING LINK; POSTSCRIPT; ABOUT THE AUTHOR 410 4$aThe Karnac Library 606 $aPsychotherapy 606 $aProjective identification 608 $aElectronic books. 615 0$aPsychotherapy. 615 0$aProjective identification. 676 $a616.8914 700 $aEspy$b John C.$0865852 801 0$bMiAaPQ 801 1$bMiAaPQ 801 2$bMiAaPQ 906 $aBOOK 912 $a9910460670803321 996 $aClinical dicta and contradicta$91932286 997 $aUNINA LEADER 01854nam a2200385 i 4500 001 991000163499707536 005 20020506105928.0 008 940126s1990 it ||| | ita 035 $ab10039521-39ule_inst 035 $aLE02614270$9ExL 040 $aDip.to Ingegneria dell'Innovazione$bita 082 0 $a512.5 084 $aAMS 15-01 084 $aAMS 51-01 100 1 $aAbbena, Elsa$041766 245 10$aEsercizi di algebra lineare e geometria analitica /$cE. Abbena, E. Bargero, S. Garbiero 260 $aTorino :$bLevrotto & Bella,$cc 1990 300 $a320 p. in varie sequenze ;$c25 cm 650 4$aAlgebra lineare - Esercizi 650 4$aGeometria - Esercizi 650 0$aLinear algebra$xTextbooks 650 0$aGeometry$xTextbooks 700 1 $aBargero, E. 700 1 $aGarbiero, Sergio 907 $a.b10039521$b29-05-19$c31-05-02 912 $a991000163499707536 945 $aLE026 512.5 ABB 01.01 C.1 1990$cC.1$g1$i2026000004518$lle026$o-$pE0.00$q-$rl$s- $t4$u6$v1$w6$x0$y.i10044279$z31-05-02 945 $aLE026 512.5 ABB 01.01 C.2 1990$cC.2$g0$i2026000004525$lle026$o-$pE0.00$q-$rl$s- $t4$u19$v3$w19$x0$y.i10044280$z31-05-02 945 $aLE026 512.5 ABB 01.01 C.3 1990$cC.3$g0$i2026000004532$lle026$o-$pE0.00$q-$rl$s- $t4$u7$v1$w7$x0$y.i10044292$z31-05-02 945 $aLE026 512.5 ABB 01.01 C.4 1990$cC.4$g0$i2026000004549$lle026$o-$pE0.00$q-$rl$s- $t4$u10$v4$w10$x0$y.i10044309$z31-05-02 945 $aLE026 512.5 ABB 01.01 C.5 1990$cC.5$g0$i2026000004556$lle026$o-$pE0.00$q-$rl$s- $t4$u11$v1$w11$x0$y.i10044310$z31-05-02 945 $aLE013 15-XX ABB11 (1990)$g1$i2013000292908$lle013$og$pE16.00$q-$rn$so $t1$u3$v0$w3$x0$y.i15784782$z24-10-16 996 $aEsercizi di algebra lineare e geometria analitica$9177274 997 $aUNISALENTO 998 $ale026$ale013$b01-01-94$cm$da $e-$fita$git $h0$i5